000 00534nam a22001937a 4500
003 OSt
005 20170228140534.0
008 170228b xxu||||| |||| 00| 0 eng d
020 _a0521629934
040 _cDDC.
082 _a530.12 1997
100 _aLandshoff,Peter;Metherell,Allen;Rees,Gareth;
_911681
245 _aEssential Quantum Physics.
260 _aCambridge.
_bCambridge University Press.
_c1997.
300 _aix,204p;
_bcol,ill;
_c27cm.
504 _aincludes index.
650 _aPhysics.
_9809
942 _2ddc
_cO_SHELF
999 _c5591
_d5591